Представление документа в формате RUSMARC

ПолеНазваниеЗначение
  Тип записи a
  Библиографический уровень m
001 Контрольный номер RU/CBS_UL/BASE/597163149
005 Дата корректировки 20240209174856.0
010 Индекс ISBN __
d Цена 5 р. 00 к.
9 Тираж экз.
100 Данные общей обработки __
a Данные общей обработки 20150121d2015 ||| 0rusy0189 ca
101 Язык документа 0_
a Язык текста rus
102 Страна публикации __
a Страна публикации RU
105 Кодированные данные (монография) __
a Кодированные данные (монография) y###||||000|y
200 Заглавие и сведения об ответственности 1_
a Заглавие Капитан Кук
b Общее обозначение материала Текст
f Первые сведения об ответственности Э. Маклин
g Последующие сведения об ответственности пер. с англ. Е. А. Глущенко
g Последующие сведения об ответственности Академия наук СССР
g Последующие сведения об ответственности Институт востоковедения
210 Выходные данные 1_
a Место издания Москва
c Издательство Наука
d Дата издания 1976
215 Физическое описание __
a Объем 136 с.
c Иллюстрации/тип воспроизводства ил.
d Формат см.
225 Серия 0_
a Серия Путешествия по странам Востока
300 Общие примечания __
a Общие примечания Ограничения по возрасту - 16+
300 Общие примечания __
a Общие примечания Под инв. номером 85410: 8-1
600 Персоналии _0
a Персоналии (Фамилия) Кук
b Персоналии (Имя, инициалы) Д.
606 Тематические рубрики 0_
a Основная рубрика Английская литература, 20 в. - Детективы
610 Ключевые слова 0_
a Ключевые слова жизнь знаменитых людей
a Ключевые слова мореплаватели
a Ключевые слова путешествия
a Ключевые слова экспедициии
a Ключевые слова первооткрыватели
a Ключевые слова географические открытия
a Ключевые слова биографии литературные
686 Индексы других классификаций __
a Классификационный индекс 26.8г
2 Код системы ББК
700 Автор _0
a Фамилия Маклин
b Имя (инициалы) Э.
801 Источник записи _0
a Страна RU
b Организация МБУК ЦБС г. Ульяновска
c Дата составления 20150121
g Правила каталогизации RCR
801 Источник записи _1
a Страна RU
b Организация МБУК ЦБС г. Ульяновска
c Дата составления 20150121
g Правила каталогизации RCR
899 Данные о местонахождении __
i Авторский знак М 15
j Расстановочный фильтр 26.8
901 Тип документа __
t Тип документа m
910 Корректоры записи __
a Корректор записи Хисамова